000 01547nam a22003857a 4500
003 CHAP
005 20220329143602.0
008 100726s2010 mx r 00010 spa d
010 _a98891
011 _a99863
035 _a110549
040 _cCHAP
090 _aTesis
100 1 _aSalas Martínez, Rodiberto.
_9101313
245 1 0 _aCálculo de la precipitación máxima probable en diez estaciones pluviométricas del sureste mexicano con el método estadístico de Hershfield
_c/por Rodiberto Salas Martínez
260 _aChapingo, Méx. :
_bEl autor,
_c2010
300 _avi, 78 h. :
_bcuadros, gráfs. , mapas
502 _aTesis (Ing. en Irrigación) -- UACH. Departamento de Irrigación
530 _aTambién disponible en línea
590 _aALEPH
_b10
_c20130110
_lUCH01
_h1535
590 _aBATCH-UPD
_b10
_c20130110
_lUCH01
_h0934
590 _aBATCH-UPD
_b10
_c20130410
_lUCH01
_h0552
590 _aBATCH-UPD
_b10
_c20130914
_lUCH01
_h1322
590 _aBATCH-UPD
_b10
_c20140324
_lUCH01
_h1518
590 _aBATCH-UPD
_b10
_c20141002
_lUCH01
_h0844
590 _aCONVERSION
_b10
_c20130109
_lUCH01
_h1355
650 1 4 _aEstaciones meteorológicas.
_938196
650 1 4 _aMétodos estadísticos.
_976631
650 1 4 _aPrecipitación (Meteorología)
_zChiapas.
_991362
856 _3Finding aid
_uhttp://10.13.5.2/tesis/110549.pdf
_zTeclea aqui
901 _aBK
942 _cFOLL
949 _aTesis
_bBC
_cTES
_d33724002179165
_eTS2
_fc.2
_gDonaciØn
_h50841
_i110549
_sb
949 _bBC
_cTES
_d33724002179207
_eTS1
_gDonaciØn
_h50840
_i110549
_sb
999 _c98891
_d98891